000
00210nam a22000857a 4500
008
161130b xxu||||| |||| 00| 0 eng d
100
_9
1588
_a
Rajkumar p.etal
245
_a
Science-IX
260
_a
NEW DELHI
_b
NCERT
_c
2006
999
_c
4309
_d
4309